Normal view
MARC view
Entry Corporate Name
001 - CONTROL NUMBER
- control field: 28540
003 - CONTROL NUMBER IDENTIFIER
- control field: ARRUPE
005 - DATE AND TIME OF LATEST TRANSACTION
- control field: 20170207144732.0
008 - FIXED-LENGTH DATA ELEMENTS
- fixed length control field: 170207|| aca||aabn | a|a d
040 ## - CATALOGING SOURCE
- Original cataloging agency: ARRUPE
- Transcribing agency: ARRUPE
110 ## - HEADING--CORPORATE NAME
- Corporate name or jurisdiction name as entry element: University of the Western Cape.
- Subordinate unit: Centre for Adult and Continuing Education.
670 ## - SOURCE DATA FOUND
- Source citation: Work cat.: (ARRUPE)0: Mackenzie, Liz. 28536, On our feet :, 1992